1246 1128 1402 1520 1721 1578 1782 1448 1378 1472 1031 1264 1985 1135 1662 1931 1866 1174 1154 1651 1766 1181 1352 1582 1924 1914 1522 1138 1285 1590 1251 1855 1578 1386 1722 1608 1266 1034 1419 1348 1671 1298 1440 1700 1711 1672 1810 1079 1555 1121 1503 1765 1519 1388 1416 1281 1999 1281 1015 1164 1271 1689 1363 1469 1235 1194 1319 1507 1758 1778 1632 1262 1639 1069 1524 1381 1070 1876 1840 1351 1935 1813 1504 1092 1215 1437 1930 1479 1242 1222 1783 1561 1674 1286 1781 1588 1182 1970 1721 BCNSPRNW ULIB Ver.6.0+V

เปลี่ยนเป็นภาษาไทย

Change to English
 แสดงรายละเอียดบรรณานุกรม
  กลับหน้าหลัก

Brief Record : Get Marc (ISO 2709) : E-mail record : QR code < ปิดหน้าต่าง
LEADER : 00000nam 2200000uu 4500
001    13399111005
003     ULIB
008    110614s2009||||th 000 0 eng d
020    9781405336581
060 04 AE6^bS7T 2009
100 1  Star, Fleur
245 10 The new children s encyclopedia /^cStar, Fleur
250    1th ed.
260    London. :^bDorling Kindersley,^cc2009.
300    304 p. :^bill. (chiefly col.) .
650  2 Children encyclopedias.
945    ^p1200^l0^i029038
995    Tossapron
999 ^a ใช้งานได้ทุกระบบ
รายการนี้ยังไม่มีแท็ก
คุณยังไม่ได้ล็อกอิน คุณสามารถมีกิจกรรมร่วมกับเว็บไซต์ได้ แต่ต้องล็อกอินก่อน ::
  ล็อกอิน

รายการสื่อสารสนเทศ

ลำดับที่ ประเภท เลขเรียก/บาร์โค้ด สถานที่ สถานะ
- ไม่พบข้อมูล -

BibComment


ยังไม่เคยถูกคอมเมนท์

คอมเมนท์ทรัพยากรรายการนี้
  คอมเมนท์: The new children ..


 Copyright 2026. Bcnsprnw @Library